JoJo's Bizarre Adventure Trivia (Hard) - Statistics

General Stats
  • This quiz has been taken 1,872 times
  • The average score is 6 of 30
Answer Stats
Question Answer % Correct
Who is Araki's favorite JoJo? Josuke Higashikata (Part 4)
90%
What number president was Funny Valentine? The 23rd President
57%
What is the range of Echoes Act 3's 3 Freeze? Five meters
55%
What is the name of Rohan's manga? Pink Dark Boy
36%
What was Made In Heaven's original name? Stairway To Heaven
34%
What is the name of Aerosmith's pilot? Mr. Smith
32%
What video game is F-Mega based on? F-Zero
28%
In the Stardust Crusaders OVA, what did DIO drop on Jotaro instead of a road roller? An oil tanker
26%
What was the name of Ermes Costello's sister? Gloria Costello
25%
What LEGO set does Ozon Baby initially take the form of? LEGO Architecture White House 21006
22%
What was the name of the zombie with snakes in his skull from Phantom Blood? Doobie
17%
Who is Kakyoin's favorite musician? Sting
17%
What Star Wars character partially inspired C-Moon's design? Darth Maul
15%
What was Born This Way's original name? Going Underground
15%
What was the name of Cheap Trick's original user? Masazo Kinoto
14%
What do Wekapipo's Wrecking Ball attacks cause in victims? Left-half ataxia
13%
How old did Mikitaka say he was? 216
11%
What was the name of the character that Weather Report created to defeat Bohemian Rhapsody? Putback
11%
What is the name of Mountain Tim's horse? Ghost Rider in the Sky
8%
What character was buried in the Kunimitōge Graveyard? Keicho Nijimura
6%
What is the name of Wamuu's final mode? Final Mode: Atmospheric Rift
5%
What was Dolomité's original name? Masaji Dorokoma
5%
In Jorge Joestar, what is the name of Fukashigi Nijimura's stand? NYPD Blue
5%
What is the name of Absalom's stand in JoJo's Bizarre Adventure: The Genesis of Universe? Satanic Coupler
4%
What was the name of the prison Caato Higashikata was imprisoned in? Stone Ocean Prison
4%
What is the name of the smuggling group within the Locacaca Organization? The Damokan Group
4%
What do the Coire electricus lawrencinia live inside of? Cell phones
3%
Which chapter of Thus Spoke Kishibe Rohan was originally published in the magazine Bessatsu Margaret? Episode 8: Deoxyribonucleic Acid
3%
What was Jotaro's room number in the Morioh Grand Hotel? Room 324
3%
What is the official name of Team Bucciarati within Passione? Squadra Guardie del corpo
3%
No matching quizzes found
Score Distribution
Percent of People with Each Score
Percentile by Number Answered
Your Score History
You have not taken this quiz